| 000 | 00662nam a2200241Ia 4500 | ||
|---|---|---|---|
| 003 | OSt | ||
| 005 | 20221007111511.0 | ||
| 006 | a|||||r|||| 00| 0 | ||
| 007 | ta | ||
| 008 | 221006b |||||||| |||| 00| 0 eng d | ||
| 024 | _a23,687 | ||
| 037 | _cTextual | ||
| 040 |
_aLCO _cLCO _beng |
||
| 041 |
_2eng _aeng |
||
| 082 | _aX:517:(Z2)qN69:g, L1 | ||
| 100 |
_aGanatra D.J. _9683826 |
||
| 245 | 0 | _aMonopolies and Restrictive Trade Practice Act, 1969 | |
| 260 |
_aBombay _bN.M.Tripathi India _c1971 |
||
| 300 | _a258 | ||
| 650 |
_aMRTP _9700593 |
||
| 942 |
_hX:517:(Z2)qN69:g, L1 _cTEXL |
||
| 999 |
_c1193250 _d1193250 |
||